000 02188nam a2200313 a 4500
003 DO-SdBNP
005 20250210113909.0
007 ta
008 190726s1990 dr spa d
040 _aDO-SdBNP
_bspa
_cBNPHU
082 4 _a341.098
_bA696m
_222
100 1 _aArias, Luis,
_q(Arias Núñez)
_99356
245 1 0 _aManual de derecho Internacional público Americano /
_cL. Almanzor González Canahuate ; versión Luis Arias Núñez.
260 _aSanto Domingo :
_bCorripio,
_c1990
300 _a283 p. ;
_c23 cm.
500 _aIncluye referencias bibliográficas y notas al pie de las páginas
505 _aConcepto generales del derecho internacional americano -- El regionalismo internacional -- Conceptos generales de las doctrinas latinoamericanas -- Sistemas doctrinal americano y la no intervención -- sistema doctrinal americano y el reconocimiento internacional -- Principios de derecho internacional en el sistema interamericano -- Sistema institucional en América -- La organización de Estados americanos -- El sistema de integración en América -- El asilo, concepto del asilo, el asilo exterior o fuera del territorio del país que lo concede -- Los derechos humanos en el sistema internacional -- Principios de derecho internacional en el sistema interamericano.
562 _a"La versión original ... de esta obra esta bajo la responsabilidad y cuidado del Dr. L Almanzor Gonzáles Canahuate (Recopilación jurisprudencial integrada) ha sido debidamente autorizada por el autor por documento escritos en fecha 1989 Santo Domingo, República Dominicana.
590 _aInventariado, 2020/VM
600 1 0 _aArias, Luis,
_q(Arias Núñez)
_99356
610 4 _aOrganización de Estados Americanos
_vManuales
_977248
650 4 _aLey internacional
_vManuales
_977249
650 4 _aAcción y defensa (Derecho)
_vTeorías.
_vManuales
_977250
650 4 _aTeoría del derecho
_zAmerica Latina
_vManuales
_977251
650 4 _aDerecho comparado.
_xHistoria
_vManuales
_977252
700 1 _aGonzález Canahuate, L. Almanzor,
_b
_cRecopilación jurisprudencial integrada
_d
_977253
910 _aVMateo.Validado. Control de calidad. MAA
942 _2ddc
_cLBS1
999 _c48691
_d48691